00742nam a2200205Ia 4500952015900000999001700159003000400176005001700180008004100197020001800238040000900256082002600265100003300291245007300324250001200397260004800409300000900457650001200466942005800478 00102ddc40708SOCIAL SCIENCEaMESbMEScSOCIAL SCIENCEd2019-02-20g795.00l0o305.5122095414 BAN/Cp35782r2019-02-20 00:00:00w2019-02-20yBKzGL41R2 c21528d21528OSt20200131113110.0190216s9999||||xx |||||||||||||| ||und|| a9780198075967 coclc a305.5122095414bBAN/C aBandyopadhyay, Sekhar 91696 0aCast, Protest And Identity In Colonial India /cSekhar Bandyopadhyay a2nd ed. bOxford University Press,c2011.aNew Delhi: a363p aHistory cBK2ddch305.5122095414iBAN/Ck305.5122095414mBAN/C